[Event "11th LCC FIDE Open 2019"]
[Site "London"]
[Date "2019.11.30"]
[Round "3.19"]
[White "Ratnesan, Ranesh"]
[Black "Mirzoyan, Davit T."]
[Result "1-0"]
[WhiteElo "2180"]
[BlackElo "2388"]
[Annotator "TA"]
[PlyCount "73"]
[EventDate "2019.11.29"]
[EventType "swiss"]
[EventCountry "ENG"]
[SourceTitle "playchess.com"]
[Source "ChessBase"]
[SourceQuality "1"]

{[%evp 12,73,13,6,16,19,19,-2,0,-7,18,10,13,-7,-20,-17,-20,-19,0,-42,-49,-50,-28,-62,91,-26,-16,-59,-52,-166,-155,-117,92,99,92,89,100,100,182,172,178,183,238,221,367,375,372,374,337,300,309,328,404,292,641,635,662,504,29985,29981,29985,29980,29990,29991]} 1. d4 Nf6 2. c4 e6 3. Nc3 Bb4 4. Qc2 O-O 5. a3 Bxc3+ 6. Qxc3 d6 7. f3 b6 {E32: Nimzo-Indian: Classical (4 Qc2): 4...0-0} (7... c5 8. dxc5 dxc5 9. Bf4 Qe7 10. O-O-O Rd8 11. Rxd8+ Qxd8 12. e3 Nc6 13. Ne2 Nh5 14. h4 Nxf4 15. Nxf4 {½-½ (71) Ivanchuk,V (2726)-Socko,B (2593) Riadh 2017}) 8. e4 c5 9. dxc5 bxc5 {The position is equal.} 10. Be3 Qc7 11. Rd1 a5 $146 ({Predecessor:} 11... Nc6 12. Bd3 Rb8 13. Ne2 Bd7 14. O-O e5 15. Rb1 {½-½ (37) Holger,S (2141)-Geiger,W (2106) IECG email 2007}) 12. Bd3 Nc6 13. Ne2 e5 14. O-O a4 15. Bg5 Nd7 16. Ng3 Re8 17. Nh5 Nf8 $2 {[#]} (17... f6 $15 {keeps the upper hand.} 18. Bh4 Nd4) 18. Qe1 ({Better is} 18. Bf6 $1 $16 Re6 19. Bxg7) 18... Re6 $11 19. f4 {Black must now prevent f5.} Rg6 $1 20. h4 (20. Qh4 $15 Ne6 21. f5 {[%mdl 64] Double Attack} Rxg5 22. fxe6 Rxh5 23. Qxh5 Bxe6 24. Rf2) 20... Bg4 {[%mdl 64] Double Attack} 21. Be2 Bxh5 $2 (21... Bxe2 $17 {stays on course.} 22. Qxe2 f6) 22. Bxh5 $16 f6 23. f5 $36 {[%mdl 2048] Hoping for Bc1. Keeping Black busy.} Rxg5 24. hxg5 fxg5 {[#]} (24... Nd7 $16 {is a better defense.}) 25. Qd2 $1 $18 {[%cal Rd2d5] And now Qd5+ would win.} Nd4 26. Qxg5 h6 (26... Kh8 {keeps fighting.} 27. f6 Rb8 28. fxg7+ Qxg7 29. Qxg7+ Kxg7 30. Rf7+ Kg8) 27. Qg4 Nh7 (27... Qd7 $142 28. f6 Qxg4 29. f7+ {[%mdl 64] Zwischenzug} (29. Bxg4 Ra7 $16) 29... Kh8 30. Bxg4 g6) 28. f6 $1 Ng5 29. fxg7 Qxg7 30. Rf2 Kh8 31. Rdf1 Rg8 32. Kh1 Qe7 $2 (32... Nge6) 33. Qh4 Qh7 34. Bf7 Rb8 {[#]} (34... Nxf7 $18 35. Rxf7 Qg6 36. Qf6+ Qxf6 37. R1xf6 Rd8 38. Rxh6+ Kg8) 35. Rf6 $1 {White mates.} Kg7 36. Qh5 Rxb2 37. Rg6+ {Accuracy: White = 48%, Black = 33%.} 1-0

[Event "11th LCC FIDE Open 2019"]
[Site "London"]
[Date "2019.11.30"]
[Round "3.20"]
[White "Sowray, Peter J"]
[Black "Willmoth, Robert F"]
[Result "1-0"]
[WhiteElo "2316"]
[BlackElo "2108"]
[Annotator "TA"]
[PlyCount "133"]
[EventDate "2019.11.29"]
[EventType "swiss"]
[EventCountry "ENG"]
[SourceTitle "playchess.com"]
[Source "ChessBase"]
[SourceQuality "1"]

{[%evp 12,133,38,32,40,34,41,30,75,75,72,62,89,76,109,93,198,-55,240,247,333,332,375,375,383,384,375,376,387,376,384,385,368,208,188,197,203,0,0,0,196,212,229,210,304,295,414,412,472,325,397,235,230,227,740,286,432,432,424,427,427,428,432,415,406,419,420,397,405,405,403,398,411,341,391,402,391,397,402,402,363,185,185,185,387,383,376,326,347,345,303,260,253,253,279,278,273,200,392,392,392,252,246,245,391,385,370,370,992,1002,1688,1417,1094,1017,5608,5583,5599,5591,5222,4786,2555,2404,4727,4722]} 1. d4 Nf6 2. c4 g6 3. Nc3 d5 4. Nf3 Bg7 5. Qb3 c6 6. cxd5 Nxd5 7. e4 Nxc3 {D96: Grünfeld: Russian System (5 Qb3): sidelines} 8. bxc3 O-O 9. Be2 (9. Be3 c5 10. d5 Nd7 11. Bd3 b5 12. Qc2 b4 13. Bd2 c4 14. Bxc4 Qc7 15. Be2 bxc3 {½-½ (64) Vidit,S (2707)-Artemiev,V (2704) Poikovsky 2018}) 9... Nd7 {White has an edge.} 10. O-O c5 11. Bg5 $146 ({Predecessor:} 11. Bb2 b6 12. d5 Qc7 13. c4 Ne5 14. g3 Nxf3+ 15. Bxf3 {1-0 (51) Kierzek,M (2250)-Benson,L (2039) Opatija 2013}) 11... Qc7 12. Bxe7 Re8 13. Bh4 $36 {[%mdl 2048] Keeping Black busy.} Rxe4 (13... cxd4 $16 14. cxd4 (14. Nxd4 Nc5 $11) 14... Rxe4) 14. Ng5 $2 (14. Bc4 $1 $18) 14... Re7 $2 {[%mdl 8192]} ({Wrong is} 14... Rxe2 $2 15. Qxf7+ Kh8 16. Rae1 $18) (14... c4 $1 $15 {stays ahead.} 15. Bxc4 Rxh4) 15. Bc4 $1 $18 {[%cal Rc4f7]} Nb6 16. Bxf7+ $1 Kh8 {White should prevent ...c4.} 17. Bg3 Qc6 18. d5 Qf6 {aiming for ...c4.} 19. d6 Re2 20. Bc4 {Black must now prevent Nf7+.} Re8 21. Nf7+ Kg8 22. d7 (22. Nh6+ $142 Kf8 23. Ng8) 22... Bxd7 23. Nd6+ {[%mdl 64] Double Attack} Kh8 24. Nf7+ $2 (24. Nxe8 $18 Bxe8 25. Rfe1) 24... Kg8 $11 25. Nd6+ $2 (25. Ng5+ $11 Nxc4 26. Qxc4+ {[%mdl 64] Double Attack} Be6 27. Nxe6 Qxe6 28. Qxc5) 25... Kh8 $1 $18 26. Nxe8 Rxe8 27. Bb5 Be6 (27... c4 $142 28. Qb2 (28. Bxc4 Ba4 $15) 28... Bxb5) 28. Qa3 (28. Bxe8 Bxb3 29. axb3 Qf8 $16) 28... Rc8 (28... Ra8 {was necessary.} 29. Rae1 Bd5) 29. Qxa7 Bd5 {next ...Ra8 is good for Black.} 30. Rae1 Nc4 31. Bxc4 (31. Bd7 $142 Rf8 32. Qxc5) 31... Bxc4 32. Qxb7 Ba6 $2 {[#]} (32... Qa6 33. Qe7 Bxf1) 33. Qd7 $2 (33. Qxc8+ $1 {[%mdl 512]} Bxc8 34. Re8+ {[%mdl 64] Double Attack} Qf8 35. Rxf8+ Bxf8 36. a4) 33... Qd8 (33... Qf8 $142 34. Re7 Rd8) 34. Qxd8+ Rxd8 35. Rd1 Rc8 36. Rfe1 Bxc3 37. Be5+ Bxe5 38. Rxe5 {[%mdl 4096] Endgame KRR-KRB} c4 39. Re6 Bb5 40. Rc1 c3 41. Re5 Ba4 42. Ra5 Bd7 43. f3 h5 44. Kf2 Bf5 45. Ke3 c2 46. Rxf5 (46. a4 $142) 46... gxf5 {KR-KR} 47. Kd3 Rd8+ $2 (47... h4 {is a better defense.} 48. Rxc2 Ra8) 48. Kxc2 Rg8 49. Kd3 Rxg2 50. Rc2 Rg1 51. Ke3 Kg7 52. Kf4 $1 h4 53. Kxf5 h3 54. Ke4 Rg2 $2 {[#]} (54... Rb1 55. Rd2 Rg1) 55. Kd3 $1 Kf6 56. Re2 Kf5 {[#] intending ...Kf4.} 57. Ke3 $1 {And now Rxg2 would win.} Rg8 (57... Rg1 $142 58. Rb2 Kf6) 58. a4 {[%cal Ba2a4,Ba4a5][%mdl 32]} Rb8 59. Kf2 Rg8 $2 (59... Rb3 60. Kg3 Ra3) 60. a5 {White is clearly winning.} Rg6 61. Rd2 Ke5 62. Ke3 Rg1 63. Ra2 Re1+ 64. Kf2 Rh1 65. Kg3 Rg1+ 66. Kxh3 Kf4 67. a6 {Accuracy: White = 60%, Black = 31%.} 1-0

[Event "11th LCC FIDE Open 2019"]
[Site "London"]
[Date "2019.11.30"]
[Round "3.21"]
[White "Ethelontis, Alexandros N"]
[Black "Zapolskis, Antanas"]
[Result "1-0"]
[WhiteElo "2139"]
[BlackElo "2280"]
[Annotator "RC"]
[PlyCount "51"]
[EventDate "2019.11.29"]
[EventType "swiss"]
[EventCountry "ENG"]
[SourceTitle "playchess.com"]
[Source "ChessBase"]
[SourceQuality "1"]
[TimeControl "40/5400+30:1800+30"]

1. c4 {[%emt 0:00:00]} e5 {[%emt 0:00:00]} 2. g3 {[%emt 0:00:00]} Nc6 {[%emt 0:01:32]} 3. Nc3 {[%emt 0:00:23]} f5 {[%emt 0:02:15]} 4. Nf3 {[%emt 0:04:31]} Nf6 {[%emt 0:06:23]} 5. d4 {[%emt 0:01:33]} e4 {[%emt 0:03:37]} 6. Nh4 {[%emt 0:00:31]} d6 {[%emt 0:00:34]} 7. Bg5 {[%emt 0:03:16]} Be7 {[%emt 0:01:08]} 8. Bh3 {[%emt 0:07:18]} Ng4 {[%emt 0:07:39]} 9. Bxe7 {[%emt 0:02:26]} Qxe7 {[%emt 0:00:09]} 10. Nd5 {[%emt 0:09:57]} Qf7 {[%emt 0:01:33]} 11. f3 {[%emt 0:07:34]} Nf6 {[%emt 0:10:59]} 12. fxe4 {[%emt 0:06:10]} Nxe4 {[%emt 0:05:48]} 13. O-O {[%emt 0:06:58]} g6 {[%emt 0:02:13]} 14. Bg2 {[%emt 0:06:30]} Nf6 {[%emt 0:03:35]} 15. e4 {[%emt 0:02:57]} Nxd5 {[%emt 0:02:12]} 16. cxd5 {[%emt 0:09:17]} Ne7 {[%emt 0:03:10]} 17. Rc1 {[%emt 0:01:27]} Ng8 {[%emt 0:14:41]} 18. Rc3 {[%emt 0:09:57]} Nf6 {[%emt 0:00:59]} 19. Qc1 {[%emt 0:02:25]} Kd8 {[%emt 0:03:42]} 20. exf5 {[%emt 0:10:19]} g5 {[%emt 0:03:52]} 21. Qxg5 {[%emt 0:01:42]} Rg8 {[%emt 0:00:13]} 22. Qh6 {[%emt 0:01:52]} Nxd5 {[%emt 0:04:23]} 23. Bxd5 {[%emt 0:01:01]} Qxd5 {[%emt 0:00:34]} 24. Qf6+ {[%emt 0:00:13]} Kd7 {[%emt 0:00:25]} 25. Re1 {[%emt 0:00:47]} c5 {[%emt 0:09:08]} 26. Rxc5 {[%emt 0:01:09]} 1-0

[Event "11th LCC FIDE Open 2019"]
[Site "London"]
[Date "2019.11.30"]
[Round "3.22"]
[White "Semprun Martinez, Fernando"]
[Black "Berry, Neil"]
[Result "0-1"]
[WhiteElo "2071"]
[BlackElo "2250"]
[Annotator "RC"]
[PlyCount "86"]
[EventDate "2019.11.29"]
[EventType "swiss"]
[EventCountry "ENG"]
[SourceTitle "playchess.com"]
[Source "ChessBase"]
[SourceQuality "1"]
[TimeControl "40/5400+30:1800+30"]

1. e4 {[%emt 0:00:00]} e5 {[%emt 0:06:38]} 2. Nf3 {[%emt 0:00:00]} Nc6 {[%emt 0:00:07]} 3. Bb5 {[%emt 0:00:18]} a6 {[%emt 0:00:19]} 4. Ba4 {[%emt 0:00:07]} Nf6 {[%emt 0:00:14]} 5. O-O {[%emt 0:00:08]} Be7 {[%emt 0:00:15]} 6. Re1 {[%emt 0:02:16]} b5 {[%emt 0:00:39]} 7. Bb3 {[%emt 0:00:01]} d6 {[%emt 0:00:13]} 8. c3 {[%emt 0:00:09]} O-O {[%emt 0:00:08]} 9. h3 {[%emt 0:00:01]} Na5 {[%emt 0:01:08]} 10. Bc2 {[%emt 0:00:02]} c5 {[%emt 0:00:10]} 11. d4 {[%emt 0:00:08]} Qc7 {[%emt 0:01:07]} 12. Nbd2 {[%emt 0:01:40]} cxd4 {[%emt 0:01:51]} 13. cxd4 {[%emt 0:00:00]} Bd7 {[%emt 0:03:55]} 14. Nf1 {[%emt 0:03:07]} Rfe8 {[%emt 0:05:52]} 15. Ne3 {[%emt 0:10:58]} Rac8 {[%emt 0:12:56]} 16. Bd3 {[%emt 0:10:01]} Nc6 {[%emt 0:00:00]} 17. d5 {[%emt 0:00:10]} Nb4 {[%emt 0:01:38]} 18. Bb1 {[%emt 0:12:24]} a5 {[%emt 0:00:44]} 19. a3 {[%emt 0:12:32]} Na6 {[%emt 0:00:35]} 20. Bd2 {[%emt 0:02:53]} a4 {[%emt 0:12:12]} 21. Bc2 {[%emt 0:04:20]} Bd8 {[%emt 0:03:46]} 22. Rc1 {[%emt 0:00:53]} Qb7 {[%emt 0:01:20]} 23. Bb4 {[%emt 0:08:57]} Nc5 {[%emt 0:06:00]} 24. Nd2 {[%emt 0:02:15]} Bb6 {[%emt 0:03:15]} 25. Qf3 {[%emt 0:02:24]} Rc7 {[%emt 0:05:31]} 26. Bb1 {[%emt 0:02:11]} Qc8 {[%emt 0:13:38]} 27. Rc3 {[%emt 0:07:25]} Nb7 {[%emt 0:04:41]} 28. Rec1 {[%emt 0:00:40]} Rxc3 {[%emt 0:00:54]} 29. Rxc3 {[%emt 0:00:14]} Qd8 {[%emt 0:00:54]} 30. Bd3 {[%emt 0:04:08]} Nc5 {[%emt 0:03:42]} 31. Be2 {[%emt 0:05:11]} g6 {[%emt 0:01:18]} 32. b3 {[%emt 0:04:52]} axb3 {[%emt 0:03:02]} 33. Bd1 {[%emt 0:03:46]} b2 {[%emt 0:03:24]} 34. Bc2 Qe7 {[%emt 0:02:14]} 35. Nd1 {[%emt 0:00:45]} Na6 {[%emt 0:01:28]} 36. Nxb2 {[%emt 0:01:41]} Bd4 {[%emt 0:01:02]} 37. Nd1 {[%emt 0:01:09]} Nxb4 {[%emt 0:00:31]} 38. axb4 {[%emt 0:00:01]} Bxc3 39. Nxc3 {[%emt 0:00:01]} Rc8 {[%emt 0:00:42]} 40. Ndb1 {[%emt 0:00:25]} Ne8 {[%emt 0:00:38]} 41. Bd3 {[%emt 0:30:10]} Qg5 {[%emt 0:02:11]} 42. Ne2 {[%emt 0:00:00]} Ra8 {[%emt 0:04:39]} 43. Kh2 {[%emt 0:00:00]} Ra4 {[%emt 0:01:04]} 0-1

[Event "11th LCC FIDE Open 2019"]
[Site "London"]
[Date "2019.11.30"]
[Round "3.23"]
[White "Drastik, Penelope"]
[Black "Papadiamandis, Elliot"]
[Result "0-1"]
[WhiteElo "1759"]
[BlackElo "2220"]
[Annotator "RC"]
[PlyCount "90"]
[EventDate "2019.11.29"]
[EventType "swiss"]
[EventCountry "ENG"]
[SourceTitle "playchess.com"]
[Source "ChessBase"]
[SourceQuality "1"]
[TimeControl "40/5400+30:1800+30"]

1. d4 {[%emt 0:00:00]} Nf6 {[%emt 0:00:00]} 2. c4 {[%emt 0:00:00]} g6 {[%emt 0:00:12]} 3. Nc3 {[%emt 0:00:00]} d5 {[%emt 0:00:19]} 4. Bg5 {[%emt 0:00:00]} Bg7 {[%emt 0:00:28]} 5. Bxf6 {[%emt 0:00:00]} Bxf6 {[%emt 0:00:09]} 6. cxd5 {[%emt 0:00:00]} c6 {[%emt 0:10:42]} 7. Rc1 {[%emt 0:00:22]} O-O {[%emt 0:02:26]} 8. dxc6 {[%emt 0:07:32]} Qb6 {[%emt 0:12:26]} 9. e3 {[%emt 0:14:55]} Qxb2 {[%emt 0:10:11]} 10. cxb7 {[%emt 0:08:22]} Bxb7 {[%emt 0:01:35]} 11. Nge2 {[%emt 0:00:30]} Qb6 {[%emt 0:06:43]} 12. Nf4 {[%emt 0:08:18]} e5 {[%emt 0:02:34]} 13. dxe5 {[%emt 0:07:44]} Bxe5 {[%emt 0:01:43]} 14. Qb3 {[%emt 0:03:58]} Rc8 {[%emt 0:08:47]} 15. Bc4 {[%emt 0:22:23]} Qxb3 {[%emt 0:12:04]} 16. axb3 {[%emt 0:00:17]} Bxf4 {[%emt 0:00:53]} 17. exf4 {[%emt 0:00:08]} Bxg2 {[%emt 0:01:04]} 18. Rg1 {[%emt 0:00:20]} Bc6 {[%emt 0:01:17]} 19. f5 {[%emt 0:01:37]} Kf8 {[%emt 0:00:46]} 20. f4 {[%emt 0:03:06]} Nd7 {[%emt 0:01:41]} 21. fxg6 {[%emt 0:01:05]} hxg6 {[%emt 0:00:29]} 22. Kf2 {[%emt 0:01:50]} Nf6 {[%emt 0:03:52]} 23. Rg5 {[%emt 0:02:23]} Rd8 {[%emt 0:02:14]} 24. Re1 {[%emt 0:06:20]} Rd4 {[%emt 0:01:40]} 25. Ke3 {[%emt 0:01:00]} Rd7 {[%emt 0:01:45]} 26. Ra1 {[%emt 0:01:53]} Re8+ {[%emt 0:00:39]} 27. Kf2 {[%emt 0:00:24]} Rd2+ {[%emt 0:00:45]} 28. Kf1 {[%emt 0:00:46]} Re7 {[%emt 0:04:15]} 29. Ra6 {[%emt 0:03:07]} Rc7 {[%emt 0:00:43]} 30. Ke1 {[%emt 0:01:14]} Rxh2 {[%emt 0:04:42]} 31. Rc5 {[%emt 0:00:46]} Re7+ {[%emt 0:01:31]} 32. Re5 {[%emt 0:01:12]} Rc7 {[%emt 0:00:48]} 33. Rc5 {[%emt 0:00:49]} Rh1+ {[%emt 0:01:52]} 34. Kd2 {[%emt 0:00:43]} Rd7+ {[%emt 0:00:06]} 35. Kc2 {[%emt 0:01:41]} Ne4 {[%emt 0:00:09]} 36. Nxe4 {[%emt 0:00:58]} Bxe4+ {[%emt 0:00:05]} 37. Kc3 {[%emt 0:00:14]} Rh3+ {[%emt 0:01:55]} 38. Kb4 {[%emt 0:00:27]} Rf3 {[%emt 0:00:37]} 39. Rca5 {[%emt 0:00:15]} Rxf4 {[%emt 0:00:48]} 40. Rxa7 {[%emt 0:00:02]} Rxa7 {[%emt 0:00:34]} 41. Rxa7 {[%emt 0:30:03]} g5 {[%emt 0:32:22]} 42. Kc5 {[%emt 0:02:03]} g4 {[%emt 0:00:00]} 43. b4 {[%emt 0:00:00]} g3 {[%emt 0:00:00]} 44. b5 {[%emt 0:00:00]} g2 {[%emt 0:00:00]} 45. Ra1 {[%emt 0:00:00]} Rh4 {[%emt 0:00:00]} 0-1

[Event "11th LCC FIDE Open 2019"]
[Site "London"]
[Date "2019.11.30"]
[Round "3.24"]
[White "Bukojemski, Adam"]
[Black "Ahn, Sungmin"]
[Result "1-0"]
[WhiteElo "2211"]
[BlackElo "1780"]
[Annotator "RC"]
[PlyCount "107"]
[EventDate "2019.11.29"]
[EventType "swiss"]
[EventCountry "ENG"]
[SourceTitle "playchess.com"]
[Source "ChessBase"]
[SourceQuality "1"]
[TimeControl "40/5400+30:1800+30"]

1. e4 {[%emt 0:00:15]} c5 {[%emt 0:00:00]} 2. Nf3 {[%emt 0:02:17]} e6 {[%emt 0:00:00]} 3. c4 {[%emt 0:00:07]} a6 {[%emt 0:01:20]} 4. Nc3 {[%emt 0:00:15]} Nc6 {[%emt 0:01:36]} 5. Be2 {[%emt 0:00:49]} Nf6 {[%emt 0:01:08]} 6. d4 {[%emt 0:00:14]} cxd4 {[%emt 0:00:15]} 7. Nxd4 {[%emt 0:00:02]} Qc7 {[%emt 0:00:09]} 8. O-O {[%emt 0:01:09]} Bd6 {[%emt 0:15:42]} 9. g3 {[%emt 0:00:47]} Nxd4 {[%emt 0:00:28]} 10. Qxd4 {[%emt 0:00:18]} b6 {[%emt 0:02:47]} 11. Be3 {[%emt 0:02:12]} Be5 {[%emt 0:06:41]} 12. Qxb6 {[%emt 0:05:29]} Qxb6 {[%emt 0:00:34]} 13. Bxb6 {[%emt 0:00:01]} Bxc3 {[%emt 0:00:08]} 14. bxc3 {[%emt 0:00:05]} Nxe4 {[%emt 0:00:03]} 15. Bd4 {[%emt 0:03:07]} f6 {[%emt 0:09:23]} 16. f3 {[%emt 0:00:25]} Ng5 {[%emt 0:01:12]} 17. Rab1 {[%emt 0:00:31]} d6 {[%emt 0:02:52]} 18. Rb6 {[%emt 0:01:08]} Kd7 {[%emt 0:04:04]} 19. h4 {[%emt 0:03:56]} Nf7 {[%emt 0:01:06]} 20. f4 {[%emt 0:00:20]} e5 {[%emt 0:03:40]} 21. Bf2 {[%emt 0:05:04]} Re8 {[%emt 0:03:48]} 22. Bd1 {[%emt 0:04:53]} Kc7 {[%emt 0:04:43]} 23. Ba4 {[%emt 0:00:17]} Bb7 {[%emt 0:04:19]} 24. Bxe8 {[%emt 0:00:15]} Rxe8 {[%emt 0:00:02]} 25. Rfb1 {[%emt 0:01:11]} Bc8 {[%emt 0:00:33]} 26. Rb8 {[%emt 0:01:37]} Nd8 {[%emt 0:03:03]} 27. fxe5 {[%emt 0:05:07]} Rxe5 {[%emt 0:01:55]} 28. R8b2 {[%emt 0:00:13]} Nc6 {[%emt 0:01:12]} 29. Bb6+ {[%emt 0:01:27]} Kd7 {[%emt 0:00:16]} 30. Rd1 {[%emt 0:03:19]} Ke7 {[%emt 0:00:39]} 31. Bc7 {[%emt 0:00:36]} Re6 {[%emt 0:00:32]} 32. Rbd2 {[%emt 0:00:14]} Re3 {[%emt 0:01:21]} 33. Bxd6+ {[%emt 0:00:30]} Kf7 {[%emt 0:00:04]} 34. Rd3 {[%emt 0:03:06]} Re4 {[%emt 0:00:02]} 35. c5 {[%emt 0:00:16]} Be6 {[%emt 0:00:40]} 36. R3d2 {[%emt 0:02:26]} Rc4 {[%emt 0:01:30]} 37. Rb1 {[%emt 0:03:20]} Rxc3 {[%emt 0:01:30]} 38. Rb7+ {[%emt 0:00:38]} Kg6 {[%emt 0:00:24]} 39. Rb6 {[%emt 0:04:40]} Na5 {[%emt 0:00:21]} 40. Rxa6 {[%emt 0:00:08]} Nc4 {[%emt 0:00:15]} 41. Rd4 {[%emt 0:33:01]} Ne3 {[%emt 0:31:55]} 42. Kf2 {[%emt 0:04:35]} Ng4+ {[%emt 0:00:14]} 43. Ke1 {[%emt 0:01:03]} Rc2 {[%emt 0:00:36]} 44. Bf4 {[%emt 0:10:25]} Bxa2 {[%emt 0:02:21]} 45. Rd2 {[%emt 0:03:33]} Rc1+ {[%emt 0:00:18]} 46. Rd1 {[%emt 0:00:08]} Rc2 {[%emt 0:00:45]} 47. Rc1 {[%emt 0:02:03]} Rg2 {[%emt 0:01:56]} 48. c6 {[%emt 0:01:33]} Bd5 {[%emt 0:01:59]} 49. h5+ {[%emt 0:01:48]} Kxh5 {[%emt 0:13:32]} 50. Ra5 {[%emt 0:00:20]} g5 {[%emt 0:00:26]} 51. Rxd5 {[%emt 0:00:08]} Nh2 {[%emt 0:00:41]} 52. g4+ {[%emt 0:00:14]} Kxg4 {[%emt 0:00:20]} 53. Bxh2 {[%emt 0:00:04]} Rxh2 {[%emt 0:00:13]} 54. c7 {[%emt 0:00:19]} 1-0

[Event "11th LCC FIDE Open 2019"]
[Site "London"]
[Date "2019.11.30"]
[Round "3.25"]
[White "Gschnitzer, Adrian"]
[Black "Marzano, Carlo"]
[Result "1-0"]
[WhiteElo "2422"]
[BlackElo "2128"]
[Annotator "TA"]
[PlyCount "107"]
[EventDate "2019.11.29"]
[EventType "swiss"]
[EventCountry "ENG"]
[SourceTitle "playchess.com"]
[Source "ChessBase"]
[SourceQuality "1"]

{[%evp 10,107,12,17,24,32,39,13,41,47,64,54,81,36,70,50,50,-32,-30,-34,73,0,70,47,50,70,70,53,54,50,107,106,184,177,193,169,162,152,162,162,156,144,173,173,173,173,173,173,173,173,204,174,174,152,149,175,166,129,152,152,153,150,159,159,159,141,159,159,159,147,212,203,202,197,192,163,510,495,664,674,894,857,4797,4789,4634,4334,4132,3316,2506,2337,1897,2711,4818,3621,29977,29939,29982,29983,29988,29989]} 1. c4 e5 2. Nc3 Nf6 3. Nf3 Nc6 4. e3 Bb4 5. Qc2 Bxc3 6. Qxc3 e4 {A28: English Opening: Four Knights Variation} (6... Qe7 7. d4 e4 8. Ng1 d5 9. h3 O-O 10. Bd2 a5 11. a3 Be6 12. Rc1 Qd7 13. c5 Ne7 14. Ne2 Qe8 {1-0 (49) Wang,H (2726)-Dominguez Perez,L (2763) Khanty-Mansiysk 2019}) 7. Nd4 O-O 8. b3 d6 {The position is equal.} 9. Nxc6 bxc6 10. Bb2 Ne8 11. O-O-O $146 ({Predecessor:} 11. g4 f5 12. gxf5 Bxf5 13. Rg1 Bg6 14. d3 {½-½ (37) Colombo,S (1854)-Cardani,R (1887) Ceriano Laghetto 2007}) 11... Bg4 12. Re1 (12. f3 $5 exf3 13. gxf3 Bxf3 {[%mdl 64] Double Attack} 14. Rg1 $1 $14 {[%mdl 512]}) 12... Qh4 13. Be2 (13. h3 $14) 13... Bxe2 $15 14. Rxe2 f5 (14... a5 $1 $15 {keeps the upper hand.}) 15. f4 ({Better is} 15. Qb4 $16) 15... Rf7 (15... a5 $11) 16. g3 Qh5 17. Rg2 a5 18. h3 Nf6 19. Rgg1 Qe2 {[#]} (19... Qg6 $14) 20. g4 $1 $16 {[%mdl 512]} fxg4 (20... a4 $16) 21. hxg4 $18 Qd3 22. Qxd3 exd3 {[#]} 23. Bxf6 $1 Rxf6 {[%mdl 4096] Endgame KRR-KRR} 24. Kb2 c5 25. Kc3 h6 26. Kxd3 a4 27. g5 hxg5 28. Rxg5 axb3 29. axb3 Re8 30. Rhg1 Re7 31. Rg6 Rxg6 32. Rxg6 $16 {KR-KR} Kf7 33. Rg1 Kf6 34. Ra1 g6 35. Ra8 Kg7 36. Kc3 Kf6 37. Rc8 Ke6 38. Rh8 Rg7 39. Kd3 Ke7 (39... c6 $16 40. Re8+ Kd7) 40. Ke4 $18 Ke6 41. Rh6 Kd7 42. Kf3 Rg8 $2 (42... Ke6 {is a better chance.} 43. Ke4 Kd7) 43. Kg4 Rb8 44. Rxg6 Rxb3 45. Rg7+ Ke6 46. Kg5 {White wants to mate with f5+.} d5 47. f5+ Kd6 48. Rg6+ Kd7 49. cxd5 Rd3 50. e4 Rxd2 51. Rc6 Rc2 52. Kf6 {White mates.} c4 53. e5 Rd2 54. e6+ {Accuracy: White = 72%, Black = 36%.} 1-0

[Event "11th LCC FIDE Open 2019"]
[Site "London"]
[Date "2019.11.30"]
[Round "3.26"]
[White "Vaishali R"]
[Black "Eche, Sylvain"]
[Result "1-0"]
[WhiteElo "2376"]
[BlackElo "2054"]
[Annotator "TA"]
[PlyCount "79"]
[EventDate "2019.11.29"]
[EventType "swiss"]
[EventCountry "ENG"]
[SourceTitle "playchess.com"]
[Source "ChessBase"]
[SourceQuality "1"]

{[%evp 14,79,0,0,37,34,68,18,44,18,62,14,114,-50,38,43,46,41,65,52,69,0,0,0,0,0,58,24,33,32,51,0,0,0,0,0,0,-3,-24,-58,-40,-88,0,-2,-1,-1,34,31,121,121,109,106,508,511,493,472,6555,6507,29960,29963,5510,5510,29985,29986,29996,29996,29996,29997]} 1. e4 c5 2. d4 cxd4 3. c3 Nf6 4. e5 Nd5 5. Nf3 Nc6 6. cxd4 d6 7. Bc4 Nb6 8. Bb3 Bf5 {B22: Sicilian: 2 c3} (8... dxe5 9. d5 Na5 10. Nc3 Nxb3 11. Qxb3 e6 12. Nxe5 Nxd5 13. Qb5+ Bd7 14. Qxb7 Bb4 15. Nxd7 Qc8 16. Nc5 Qxb7 17. Nxb7 Rb8 18. Nd6+ Bxd6 19. Nxd5 exd5 20. O-O {½-½ (31) Stevic,H (2624)-Markus,R (2625) Ljubljana 2012}) 9. e6 fxe6 10. O-O Qd7 {The position is equal.} 11. Re1 {[%mdl 1024] White has compensation.} d5 12. Nc3 g6 $146 (12... Bg4 $1 $11) ({Predecessor:} 12... Bg4 13. Na4 Nxa4 14. Bxa4 a6 15. h3 Bxf3 16. Qxf3 {0-1 (57) Dragicevic,D (2205)-Goldenberg,I (2398) Queenstown 2009}) 13. Bf4 $2 (13. h3 $16) 13... Bg7 (13... Bg4 $1 $15) 14. Ne5 $14 Nxe5 15. Bxe5 Bxe5 16. Rxe5 {[#] And now g4 would win.} h5 17. Na4 (17. Qe2 $14) 17... Nxa4 $11 18. Bxa4 b5 19. Bb3 Kf7 (19... O-O $11) 20. Qf3 Kg7 21. Rae1 {[%cal Rb3d5]} Rae8 22. h4 (22. h3 $14) 22... a5 {[%cal Ba7a5,Ba5a4][%mdl 32]} 23. Qg3 a4 24. Bd1 Ref8 25. Be2 {aiming for Bd3.} Rf6 26. Qc3 Rc8 27. Qb4 {[#]} (27. Bxb5 $2 Qb7 $19) 27... Rc2 ({Black should play} 27... Qd6 $1 $17 {[%cal Rd6b4]} 28. Qxb5 Rb8 29. Qxa4 Rxb2) 28. Bxb5 Qb7 $1 {...Be4 is the strong threat.} 29. a3 $1 Rf7 30. R5e2 (30. Qxa4 Rxf2 31. R5e2 Rf4 $17) 30... Qc7 (30... Rxe2 $14 31. Rxe2 Rf8) 31. Rxc2 $16 (31. Qxa4 $6 Rxe2 32. Bxe2 Qf4 $11) (31. Bxa4 Rc4 $15) 31... Bxc2 32. Qd2 (32. Bxa4 $6 Qf4 $11) 32... Qb6 $2 {[%mdl 8192]} (32... Rf6 $16 {is tougher.}) 33. Qxc2 $18 Qxb5 34. Rxe6 {[%mdl 4096] Endgame KQR-KQR} Rf6 (34... Kf8 $142 35. Rxg6 Qc4) 35. Rxe7+ Rf7 36. Re6 Kf8 37. Qxg6 {White threatens Qh6+ and mate.} Rxf2 38. Qh6+ {White mates.} ({Weaker is} 38. Kxf2 Qf1+ 39. Kg3 Qe1+ 40. Kh2 (40. Kh3 Qh1+ 41. Kg3 Qe1+ 42. Kh2 Qh1+ 43. Kg3 Qe1+ $11) 40... Qh1+ 41. Kg3 Qe1+ 42. Kf4 (42. Kh3 Qh1+ 43. Kg3 Qe1+ $11) 42... Qf1+ 43. Ke5 Qf4+ 44. Kxf4 $11 (44. Kxd5 Qxd4+ 45. Kc6 Qc4+ 46. Kb7 Qc8+ 47. Kb6 Qa6+ 48. Kc5 Qc4+ 49. Kd6 Qd4+ 50. Kc7 Qa7+ 51. Kd8 Qb8+ 52. Kd7 Qb7+ 53. Kd6 Qb6+ 54. Ke5 Qb5+ 55. Kf6 Qe5+ 56. Rxe5 $11)) 38... Kg8 39. Rg6+ Kf7 40. Rg7+ {Accuracy: White = 55%, Black = 24%.} 1-0